| Tag |
First Indicator |
Second Indicator |
Subfields |
| LEADER |
00000cjm a2200000 a 4500 |
| 001 |
in00003893607 |
| 005 |
20180214132122.0 |
| 007 |
sd fsngnnmmned |
| 008 |
160425s2012 caurcnn n eng d |
| 010 |
|
|
|a 2016619324
|
| 019 |
|
|
|a 821705200
|
| 024 |
1 |
|
|a 885686931189
|
| 024 |
7 |
|
|a 00885686931189
|2 gtin-14
|
| 028 |
0 |
2 |
|a LAS-00001-2
|b Lasalle Records/Killer Distribution
|
| 035 |
|
|
|a (OCoLC)ocn811593017
|
| 035 |
|
|
|a (OCoLC)811593017
|z (OCoLC)821705200
|
| 040 |
|
|
|a BTCTA
|b eng
|c DLC
|d BTCTA
|d OPW
|d BKC
|d TEFMT
|d TEF
|d MR0
|d OCLCF
|d OCLCQ
|d OCLCA
|d UtOrBLW
|
| 042 |
|
|
|a lccopycat
|
| 049 |
|
|
|a TXAM
|
| 050 |
|
4 |
|a M1630.18.B37
|b P79 2012
|
| 082 |
0 |
4 |
|a 782.421649
|2 23
|
| 090 |
|
|
|a M1630.18.B2753
|b P79 2012
|
| 100 |
1 |
|
|a Barker, Travis,
|e performer,
|e composer,
|e producer.
|0 http://id.loc.gov/authorities/names/no2008137410
|
| 245 |
1 |
0 |
|a Psycho white /
|c Travis Barker, Yelawolf.
|
| 264 |
|
1 |
|a [Corona, Calif.] :
|b Lasalle Records,
|c [2012]
|
| 264 |
|
2 |
|a [Place of publication not identified] :
|b Distributed by the Orchard.
|
| 300 |
|
|
|a 1 audio disc (19 min.) :
|b digital ;
|c 4 3/4 in.
|
| 336 |
|
|
|a performed music
|b prm
|2 rdacontent
|
| 337 |
|
|
|a audio
|b s
|2 rdamedia
|
| 338 |
|
|
|a audio disc
|b sd
|2 rdacarrier
|
| 511 |
0 |
|
|a Travis Barker, drums, drum programming ; Yelawolf, rap vocals ; Mix Master Mike, all scratches and cuts ; with featured and assisting musicians.
|
| 508 |
|
|
|a Produced by Travis Barker.
|
| 500 |
|
|
|a Compact disc.
|
| 500 |
|
|
|a "Parental advisory: Explicit content"--Container.
|
| 500 |
|
|
|a Credits on container.
|
| 505 |
0 |
0 |
|t Push em
|r (feat. Skinhead Rob & Tim Armstrong) --
|t 6 feet underground
|r (feat. Tim Armstrong) --
|t Funky shit --
|t Whistle Dixie --
|t Director's cut (Michael Myers & Superman).
|
| 500 |
|
|
|a Sound recording.
|
| 650 |
|
0 |
|a Rap (Music)
|0 http://id.loc.gov/authorities/subjects/sh85111437
|
| 650 |
|
0 |
|a Rock music
|y 2011-2020.
|0 http://id.loc.gov/authorities/subjects/sh2011000500
|
| 650 |
|
7 |
|a Rap (Music)
|2 fast
|0 (OCoLC)fst01089951
|
| 650 |
|
7 |
|a Rock music.
|2 fast
|0 (OCoLC)fst01099204
|
| 648 |
|
7 |
|a 2011-2020
|2 fast
|
| 700 |
0 |
|
|a Yelawolf,
|d 1979-
|e composer,
|e performer.
|0 http://id.loc.gov/authorities/names/no2011003217
|
| 700 |
0 |
|
|a Mixmaster Mike,
|d 1970-
|e performer.
|0 http://id.loc.gov/authorities/names/n2004076919
|
| 700 |
0 |
|
|a Skinhead Rob,
|e performer.
|0 http://id.loc.gov/authorities/names/n2012069353
|
| 700 |
1 |
|
|a Armstrong, Tim,
|d 1966-
|e performer.
|0 http://id.loc.gov/authorities/names/no2006076346
|
| 948 |
|
|
|a cataloged
|b h
|c 2017/10/6
|d c
|e ceaton
|f 10:05:34 am
|
| 994 |
|
|
|a C0
|b TXA
|
| 999 |
f |
f |
|s 6afc6494-b234-3a1d-9489-19f27dbfade6
|i cb71c774-4060-3981-9e92-a757cc5ebf92
|t 0
|
| 952 |
f |
f |
|p ric
|a Texas A&M University
|b Rellis Campus
|c Joint Library Facility
|d Remote Storage
|t 0
|e M1630.18.B2753 P79 2012
|h Library of Congress classification
|i audio -- audio disc
|m A14850237398
|
| 998 |
f |
f |
|a M1630.18.B2753 P79 2012
|t 0
|l Remote Storage
|